| 000 | 00997nam0a22002651 4500 | ||
|---|---|---|---|
| 001 | rc\559940 | ||
| 005 | 20030616170447.5 | ||
| 010 |
_a5-203-00609-1 _96000 |
||
| 035 | _a(NLR Aleph) 005795074 | ||
| 090 |
_a5237362 _c5237361 |
||
| 100 | _a20030616d1988 u |0rusy50 ca | ||
| 101 | 0 | _arus | |
| 102 | _aRU | ||
| 105 | _ay ||||||||| | ||
| 200 | 1 |
_aФранцузский язык _eУчеб. пособие по внеаудитор. чтению для высш. воен. команд. и инж. уч-щ _fА.М. Климов, Р.С. Седова, А.Н. Стрижевская |
|
| 210 |
_aМ. _cВоениздат _d1988 |
||
| 215 |
_a191, [1] с. _d21 |
||
| 700 | 1 |
_aКлимов _bА. М. _gАлександр Михайлович |
|
| 701 | 1 |
_aСедова _bР. С. _gРимма Сергеевна |
|
| 701 | 1 |
_aСтрижевская _bА. Н. _gАлла Николаевна |
|
| 801 | 0 |
_aRU _bNLR _gpsbo |
|
| 801 | 1 |
_aRU _bELAR _2rusmarc |
|
| 852 |
_aNLR _j88-3/7572 |
||
| 942 | _cBOOK | ||
| 980 | _aNB | ||